[Event "WY U-16 Chess Olympiad 2019"]
[Site "Corum"]
[Date "2019.10.31"]
[Round "4"]
[White "Sprenar, Petr"]
[Black "Babazada, Khazar"]
[Result "1/2-1/2"]
[WhiteElo "2329"]
[BlackElo "2408"]
[Annotator "NA"]
[PlyCount "48"]
[EventDate "2019.10.28"]
[EventType "team-tourn"]
[EventCountry "TUR"]
[SourceTitle "playchess.com"]
[Source "ChessBase"]
[SourceQuality "1"]

1. d4 Nf6 2. c4 g6 3. g3 Bg7 4. Bg2 O-O 5. Nc3 d6 6. Nf3 Nc6 7. O-O a6 8. Bf4 Rb8 9. Rc1 Bg4 10. h3 Bxf3 11. Bxf3 Nd7 12. Be3 e5 13. Bxc6 bxc6 14. b3 Qe7 15. dxe5 Bxe5 16. Bd4 f5 17. e3 Rbe8 18. Qf3 f4 19. gxf4 Bxd4 20. exd4 Qh4 21. Rce1 Rxe1 22. Rxe1 Rxf4 23. Re8+ Nf8 24. Qe3 Qg5+ 1/2-1/2

[Event "WY U-16 Chess Olympiad 2019"]
[Site "Corum"]
[Date "2019.10.31"]
[Round "4"]
[White "Borhy, Marcell"]
[Black "Stremavicius, Pijus"]
[Result "1/2-1/2"]
[WhiteElo "2321"]
[BlackElo "2230"]
[Annotator "NA"]
[PlyCount "73"]
[EventDate "2019.10.28"]
[EventType "team-tourn"]
[EventCountry "TUR"]
[SourceTitle "playchess.com"]
[Source "ChessBase"]
[SourceQuality "1"]

1. c4 d6 2. g3 e5 3. Bg2 Nc6 4. Nc3 Be6 5. d3 Qd7 6. Rb1 g6 7. Bd2 Bg7 8. b4 Nge7 9. Nf3 h6 10. O-O O-O 11. Qc1 Kh7 12. Rd1 f5 13. b5 Nd8 14. Qc2 g5 15. Bc1 Ng6 16. Ba3 a6 17. bxa6 Rxa6 18. Bb2 Nc6 19. Ba1 g4 20. Nd2 Nd4 21. Qb2 Rb6 22. Qc1 f4 23. Rxb6 cxb6 24. Re1 f3 25. e3 fxg2 26. exd4 exd4 27. Nce4 d5 28. cxd5 Bxd5 29. Qb1 b5 30. Kxg2 Qf5 31. Kf1 Ra8 32. Nb3 Qh5 33. Bxd4 Qxh2 34. Bxg7 Bxe4 35. dxe4 Qh1+ 36. Ke2 Qf3+ 37. Kf1 1/2-1/2

[Event "WY U-16 Chess Olympiad 2019"]
[Site "Corum"]
[Date "2019.10.31"]
[Round "4"]
[White "Juksta, Karolis"]
[Black "Krstulovic, Alex"]
[Result "1-0"]
[WhiteElo "2310"]
[BlackElo "2324"]
[Annotator "NA"]
[PlyCount "79"]
[EventDate "2019.10.28"]
[EventType "team-tourn"]
[EventCountry "TUR"]
[SourceTitle "playchess.com"]
[Source "ChessBase"]
[SourceQuality "1"]

1. d4 Nf6 2. c4 e6 3. Nc3 Bb4 4. e3 b6 5. f3 c5 6. d5 Bxc3+ 7. bxc3 d6 8. e4 e5 9. Bd3 Nbd7 10. Ne2 Nf8 11. O-O Ng6 12. Be3 O-O 13. Qd2 h6 14. Ng3 a6 15. Rae1 Re8 16. Kh1 Rb8 17. Rb1 Bd7 18. Rb2 Qc7 19. h3 b5 20. Rfb1 Qa5 21. a4 Rec8 22. axb5 axb5 23. Be2 b4 24. cxb4 cxb4 25. Rxb4 Rxb4 26. Qxb4 Qxb4 27. Rxb4 Kf8 28. Kg1 Nf4 29. Bf1 g5 30. Rb6 Ke7 31. Rb7 Ke8 32. Bd2 h5 33. Bb4 h4 34. Nh1 Ke7 35. Rb6 Ne8 36. Nf2 Ra8 37. Nd3 Nxd3 38. Bxd3 Ra1+ 39. Bf1 Rc1 40. Bd2 1-0

[Event "WY U-16 Chess Olympiad 2019"]
[Site "Corum"]
[Date "2019.10.31"]
[Round "4"]
[White "Stearman, Josiah"]
[Black "Gan-Erdene, Sugar"]
[Result "1/2-1/2"]
[WhiteElo "2310"]
[BlackElo "2407"]
[Annotator "NA"]
[PlyCount "56"]
[EventDate "2019.10.28"]
[EventType "team-tourn"]
[EventCountry "TUR"]
[SourceTitle "playchess.com"]
[Source "ChessBase"]
[SourceQuality "1"]

1. e4 c5 2. Nc3 Nc6 3. Bb5 Nd4 4. Nf3 g6 5. Bc4 Bg7 6. Nxd4 cxd4 7. Qf3 Nh6 8. d3 O-O 9. Ne2 e6 10. g4 d5 11. Bb3 dxe4 12. dxe4 f6 13. Bf4 Kh8 14. h4 e5 15. Bxh6 Bxh6 16. h5 Kg7 17. hxg6 hxg6 18. Ng3 Qa5+ 19. Kf1 Qd2 20. Kg2 Qg5 21. Qd3 Bxg4 22. Qb5 Rad8 23. Qc5 Rd7 24. Raf1 b6 25. Qc6 Re7 26. Qd6 Rd7 27. Qc6 Re7 28. Qd6 Rd7 1/2-1/2

[Event "WY U-16 Chess Olympiad 2019"]
[Site "Corum"]
[Date "2019.10.31"]
[Round "4"]
[White "Isanzhulov, Arystan"]
[Black "Lukin, Elisha"]
[Result "1-0"]
[WhiteElo "2305"]
[BlackElo "2280"]
[Annotator "NA"]
[PlyCount "153"]
[EventDate "2019.10.28"]
[EventType "team-tourn"]
[EventCountry "TUR"]
[SourceTitle "playchess.com"]
[Source "ChessBase"]
[SourceQuality "1"]

1. e4 e6 2. d4 d5 3. Bd3 dxe4 4. Bxe4 Nf6 5. Bf3 c5 6. Ne2 Nc6 7. Be3 cxd4 8. Nxd4 Ne5 9. Nc3 Nxf3+ 10. Qxf3 Bb4 11. O-O-O Bd7 12. Ndb5 Bxc3 13. Nxc3 Qc7 14. Bd4 Rc8 15. Bxf6 Bc6 16. Qg4 gxf6 17. Rhe1 Kf8 18. Qh4 Rg8 19. Qxf6 Qe7 20. Qh6+ Rg7 21. f4 Kg8 22. f5 Qg5+ 23. Qxg5 Rxg5 24. fxe6 fxe6 25. Rd2 Rf8 26. g3 Kf7 27. Rf2+ Rf5 28. Rxf5+ exf5 29. Ne2 Re8 30. Kd2 Kf6 31. c3 Be4 32. Nd4 h5 33. Rf1 a6 34. Rf4 Re5 35. a3 Re8 36. Rf1 Rg8 37. Rf4 Re8 38. Rf2 Rg8 39. Ne2 Rd8+ 40. Ke1 Bc2 41. Nd4 Be4 42. Rd2 h4 43. Ne2 Rh8 44. Nf4 hxg3 45. hxg3 Kg5 46. Rd6 Kg4 47. Kf2 Rh2+ 48. Ke3 Kxg3 49. Rg6+ Kh4 50. Rh6+ Kg3 51. Ne2+ Kg2 52. Rg6+ Kh3 53. Rh6+ Kg2 54. Rxh2+ Kxh2 55. Kf4 Kg2 56. Ng3 Bc6 57. Nxf5 Kf2 58. Nd4 Bg2 59. c4 Ke1 60. Ke3 Bf1 61. Nf3+ Kd1 62. Nd2 Bh3 63. Kd3 Bf5+ 64. Kc3 Ke2 65. c5 Bh3 66. Nc4 Bg2 67. Kd4 Bh1 68. b4 Kd1 69. Kd3 Kc1 70. Kc3 Bg2 71. a4 Bc6 72. Na5 Bg2 73. b5 axb5 74. axb5 Kb1 75. b6 Ka2 76. c6 Ka3 77. cxb7 1-0

[Event "WY U-16 Chess Olympiad 2019"]
[Site "Corum"]
[Date "2019.10.31"]
[Round "4"]
[White "Uzumcu, Ahmet Utku"]
[Black "Larkin, Vladyslav"]
[Result "1-0"]
[WhiteElo "2304"]
[BlackElo "2405"]
[Annotator "NA"]
[PlyCount "75"]
[EventDate "2019.10.28"]
[EventType "team-tourn"]
[EventCountry "TUR"]
[SourceTitle "playchess.com"]
[Source "ChessBase"]
[SourceQuality "1"]

1. e4 c5 2. Nf3 d6 3. d4 cxd4 4. Nxd4 Nf6 5. Nc3 a6 6. h3 e6 7. g4 Nfd7 8. Bg2 Be7 9. O-O b5 10. e5 d5 11. f4 b4 12. Nce2 Qc7 13. Kh1 g6 14. Be3 h5 15. gxh5 Rxh5 16. Rc1 Bb7 17. c3 b3 18. axb3 Nc5 19. Ng3 Rh8 20. b4 Ne4 21. Nxe4 dxe4 22. b5 Nd7 23. bxa6 Bxa6 24. Ra1 Kf8 25. Nb5 Qd8 26. Qb3 Qb8 27. Rfd1 Qb7 28. Nd4 Qc8 29. Nxe6+ fxe6 30. Qxe6 Bb5 31. Rxa8 Qxa8 32. Rxd7 Bxd7 33. Qxd7 Qa6 34. e6 Rh5 35. Kh2 Rf5 36. Bd4 Rxf4 37. Be3 Bd6 38. e7+ 1-0

[Event "WY U-16 Chess Olympiad 2019"]
[Site "Corum"]
[Date "2019.10.31"]
[Round "4"]
[White "Ceres, Dragos"]
[Black "Kuhar, Larisa"]
[Result "1/2-1/2"]
[WhiteElo "2302"]
[BlackElo "2030"]
[Annotator "NA"]
[PlyCount "59"]
[EventDate "2019.10.28"]
[EventType "team-tourn"]
[EventCountry "TUR"]
[SourceTitle "playchess.com"]
[Source "ChessBase"]
[SourceQuality "1"]

1. e4 c5 2. Nf3 d6 3. d4 cxd4 4. Nxd4 Nf6 5. Nc3 a6 6. Be3 e5 7. Nb3 Be6 8. f3 h5 9. Qd2 Nbd7 10. Nd5 Bxd5 11. exd5 Qc7 12. c4 a5 13. Rc1 a4 14. Na1 Qa5 15. Nc2 Qxd2+ 16. Kxd2 g6 17. Bd3 Bh6 18. Bxh6 Rxh6 19. b4 axb3 20. axb3 Nc5 21. Kc3 Kd7 22. Ra1 Rhh8 23. Ne3 Nxd3 24. Kxd3 Rhc8 25. g3 Ke7 26. b4 Nd7 27. h3 f5 28. Rxa8 Rxa8 29. Nc2 Nf6 30. Re1 1/2-1/2

[Event "WY U-16 Chess Olympiad 2019"]
[Site "Corum"]
[Date "2019.10.31"]
[Round "4"]
[White "Cohen Revivo, Shoham"]
[Black "Assaubayeva, Bibisara"]
[Result "0-1"]
[WhiteElo "2295"]
[BlackElo "2381"]
[Annotator "NA"]
[PlyCount "122"]
[EventDate "2019.10.28"]
[EventType "team-tourn"]
[EventCountry "TUR"]
[SourceTitle "playchess.com"]
[Source "ChessBase"]
[SourceQuality "1"]

1. e4 c5 2. Nf3 d6 3. d4 cxd4 4. Nxd4 Nf6 5. Nc3 a6 6. h3 e5 7. Nde2 b5 8. g4 b4 9. Nd5 Nxd5 10. Qxd5 Ra7 11. Be3 Be6 12. Qd2 Rd7 13. Qxb4 d5 14. Qa4 d4 15. Bd2 Be7 16. Nc1 Qb6 17. Bc4 Qb7 18. O-O Bxc4 19. Qxc4 Qxe4 20. Re1 Qd5 21. Qxd5 Rxd5 22. Nd3 Nd7 23. f4 f6 24. Re2 O-O 25. Rae1 Bd6 26. Bb4 Bxb4 27. Nxb4 Rb5 28. Nd3 exf4 29. a4 Rb7 30. Re7 Rfb8 31. b3 Ne5 32. Rxb7 Rxb7 33. Nxe5 fxe5 34. Rxe5 d3 35. cxd3 Rxb3 36. Rd5 Ra3 37. Rd4 g5 38. Kf2 Ra2+ 39. Kf3 Rh2 40. Ke4 h6 41. Kf5 Kf7 42. Rd7+ Ke8 43. Rd6 Rxh3 44. Rxa6 Rh1 45. Ke6 Re1+ 46. Kd5 h5 47. gxh5 g4 48. h6 Kf7 49. h7 Rh1 50. Ke5 f3 51. Rf6+ Kg7 52. Rf4 Kxh7 53. Ke4 Kh6 54. Rf8 Re1+ 55. Kd4 Kg5 56. a5 Ra1 57. Ke3 Rxa5 58. d4 Kh4 59. Ke4 Kg3 60. d5 Ra1 61. Rxf3+ gxf3 0-1

[Event "WY U-16 Chess Olympiad 2019"]
[Site "Corum"]
[Date "2019.10.31"]
[Round "4"]
[White "Tadic, Stefan"]
[Black "Mirlan uulu, Syimyk"]
[Result "1-0"]
[WhiteElo "2295"]
[BlackElo "1899"]
[Annotator "NA"]
[PlyCount "73"]
[EventDate "2019.10.28"]
[EventType "team-tourn"]
[EventCountry "TUR"]
[SourceTitle "playchess.com"]
[Source "ChessBase"]
[SourceQuality "1"]

1. e4 e6 2. d4 d5 3. e5 c5 4. c3 Nc6 5. Nf3 Nge7 6. Na3 cxd4 7. cxd4 Nf5 8. Nc2 Qb6 9. Bd3 Bb4+ 10. Nxb4 Nxb4 11. Bb1 Qa6 12. Qd2 Nc6 13. g4 Nfe7 14. Bd3 Qa5 15. Qxa5 Nxa5 16. b3 h5 17. Rg1 g6 18. h3 Nac6 19. Ba3 Bd7 20. Kd2 Rc8 21. Bd6 a6 22. b4 Na7 23. a4 Ra8 24. b5 Nac8 25. bxa6 bxa6 26. Bc5 Nc6 27. gxh5 N6e7 28. hxg6 Nxg6 29. Bxg6 fxg6 30. Rxg6 Ne7 31. Rf6 Rb8 32. Ng5 Rb2+ 33. Kc3 Re2 34. f3 Nf5 35. Rb1 Bxa4 36. Rb8+ Kd7 37. Rf7+ 1-0

[Event "WY U-16 Chess Olympiad 2019"]
[Site "Corum"]
[Date "2019.10.31"]
[Round "4"]
[White "Haring, Filip"]
[Black "Shirliyev, Allayar"]
[Result "1/2-1/2"]
[WhiteElo "2294"]
[BlackElo "2149"]
[Annotator "NA"]
[PlyCount "85"]
[EventDate "2019.10.28"]
[EventType "team-tourn"]
[EventCountry "TUR"]
[SourceTitle "playchess.com"]
[Source "ChessBase"]
[SourceQuality "1"]

1. e4 e5 2. Nf3 Nf6 3. Nc3 Nc6 4. d4 exd4 5. Nxd4 b6 6. Nxc6 dxc6 7. Qxd8+ Kxd8 8. Bg5 Ke8 9. a3 Bd6 10. Bc4 Be6 11. Ba6 Rb8 12. f3 b5 13. a4 b4 14. Nd1 Nd7 15. O-O f6 16. Be3 Kf7 17. a5 Bc5 18. b3 Rhd8 19. Be2 Ke7 20. Kf2 g6 21. a6 f5 22. Bxc5+ Nxc5 23. Ra5 Nd7 24. exf5 Bxf5 25. Ne3 Be6 26. Re1 Kf6 27. g4 Nb6 28. Rc5 Rd6 29. f4 Bd5 30. g5+ Kg7 31. f5 Nd7 32. Ra5 Re8 33. Bg4 Ne5 34. f6+ Kf7 35. Rd1 Nxg4+ 36. Nxg4 Rde6 37. Nh6+ Kf8 38. Rd2 Re3 39. Raxd5 cxd5 40. Rxd5 Re2+ 41. Kf1 Re1+ 42. Kg2 R1e2+ 43. Kf1 1/2-1/2

[Event "WY U-16 Chess Olympiad 2019"]
[Site "Corum"]
[Date "2019.10.31"]
[Round "4"]
[White "Runets, Ivan"]
[Black "Peycheva, Gergana"]
[Result "1-0"]
[WhiteElo "2288"]
[BlackElo "2246"]
[Annotator "NA"]
[PlyCount "125"]
[EventDate "2019.10.28"]
[EventType "team-tourn"]
[EventCountry "TUR"]
[SourceTitle "playchess.com"]
[Source "ChessBase"]
[SourceQuality "1"]

1. d4 Nf6 2. c4 e6 3. Nf3 d5 4. Nc3 Bb4 5. Qa4+ Nc6 6. e3 O-O 7. Qc2 Bd6 8. c5 Be7 9. Bb5 Bd7 10. O-O a6 11. Bxc6 Bxc6 12. Ne5 Be8 13. b4 Nd7 14. Nd3 f6 15. e4 dxe4 16. Nf4 Bf7 17. Qxe4 e5 18. dxe5 fxe5 19. Nfd5 c6 20. Nxe7+ Qxe7 21. Bb2 Rae8 22. Rfe1 Qg5 23. Qe3 Qg4 24. Rad1 Nf6 25. a3 e4 26. h3 Qf5 27. Ne2 Bd5 28. Ng3 Qg6 29. Rd2 Rf7 30. Bd4 Nd7 31. Qc3 Nf8 32. Rde2 Rfe7 33. Re3 Ne6 34. Ne2 Nxd4 35. Nxd4 Rf8 36. Rg3 Qf6 37. Qe3 Re5 38. Re2 Bc4 39. Rc2 Bd3 40. Rd2 Bc4 41. Nc2 Bd5 42. Qd4 Rf5 43. Qxf6 R5xf6 44. Ne3 Rd8 45. Rg5 a5 46. Nxd5 cxd5 47. Rgxd5 Rdf8 48. Re5 axb4 49. axb4 Rf4 50. b5 h6 51. g3 R4f5 52. Rxf5 Rxf5 53. Rc2 Rf8 54. c6 bxc6 55. bxc6 Rc8 56. c7 Kf7 57. Kf1 Ke6 58. Ke2 Kd5 59. Ke3 Ke5 60. Rc4 Kd5 61. Rd4+ Kc5 62. Rd7 g5 63. Kxe4 1-0

[Event "WY U-16 Chess Olympiad 2019"]
[Site "Corum"]
[Date "2019.10.31"]
[Round "4"]
[White "Hua, Eugene"]
[Black "Suleymanli, Aydin"]
[Result "1/2-1/2"]
[WhiteElo "2285"]
[BlackElo "2426"]
[Annotator "NA"]
[PlyCount "80"]
[EventDate "2019.10.28"]
[EventType "team-tourn"]
[EventCountry "TUR"]
[SourceTitle "playchess.com"]
[Source "ChessBase"]
[SourceQuality "1"]

1. c4 e6 2. g3 d5 3. Bg2 Nf6 4. Nf3 Be7 5. O-O O-O 6. b3 b6 7. Bb2 Bb7 8. e3 c5 9. Nc3 Nc6 10. cxd5 exd5 11. d4 Re8 12. Ne5 Bf8 13. Nxc6 Bxc6 14. Qd3 Qd7 15. Rfd1 Rad8 16. Rac1 Qb7 17. Qf5 Bd7 18. Nxd5 Qxd5 19. Qxd5 Nxd5 20. Bxd5 Bg4 21. Bc6 Bxd1 22. Bxe8 Bxb3 23. axb3 Rxe8 24. Kg2 Rd8 25. Kf3 cxd4 26. exd4 Bd6 27. Ke4 f6 28. Ra1 Bb8 29. Rc1 Kf7 30. Rc6 Ke7 31. Ba3+ Kd7 32. Rc2 Re8+ 33. Kd3 h5 34. Rc1 g5 35. h3 f5 36. Bb4 f4 37. Bd2 fxg3 38. fxg3 g4 39. hxg4 hxg4 40. Bf4 Bxf4 1/2-1/2

[Event "WY U-16 Chess Olympiad 2019"]
[Site "Corum"]
[Date "2019.10.31"]
[Round "4"]
[White "Soto, Miguel Angel"]
[Black "Zaid Alaa Chasib"]
[Result "1-0"]
[WhiteElo "2283"]
[BlackElo "1844"]
[Annotator "NA"]
[PlyCount "71"]
[EventDate "2019.10.28"]
[EventType "team-tourn"]
[EventCountry "TUR"]
[SourceTitle "playchess.com"]
[Source "ChessBase"]
[SourceQuality "1"]

1. e4 c6 2. d4 d5 3. Nc3 dxe4 4. Nxe4 Bf5 5. Ng3 Bg6 6. h4 h6 7. Nf3 Nd7 8. Bd3 Bxd3 9. Qxd3 Ngf6 10. Bd2 Qc7 11. O-O-O O-O-O 12. Qe2 e6 13. Ne5 Nxe5 14. dxe5 Nd5 15. f4 Qb6 16. Ne4 Kb8 17. a3 Bc5 18. g3 Ne3 19. Nxc5 Nxd1 20. b4 Rd4 21. Rxd1 Rhd8 22. Nb3 R4d5 23. Re1 Qc7 24. Be3 b6 25. Qa6 g5 26. hxg5 hxg5 27. a4 Qe7 28. Qc4 Kb7 29. Kb2 gxf4 30. gxf4 Qh4 31. Qc3 R8d7 32. Ra1 Qe7 33. Nd4 Rc7 34. a5 c5 35. Nb5 Rcd7 36. Nd6+ 1-0

[Event "WY U-16 Chess Olympiad 2019"]
[Site "Corum"]
[Date "2019.10.31"]
[Round "4"]
[White "Chen, Justin"]
[Black "Tengis, Tsog-Ochir"]
[Result "0-1"]
[WhiteElo "2280"]
[BlackElo "2111"]
[Annotator "NA"]
[PlyCount "140"]
[EventDate "2019.10.28"]
[EventType "team-tourn"]
[EventCountry "TUR"]
[SourceTitle "playchess.com"]
[Source "ChessBase"]
[SourceQuality "1"]

1. Nf3 Nf6 2. c4 g6 3. Nc3 d5 4. Qa4+ Bd7 5. Qb3 dxc4 6. Qxc4 Bg7 7. e4 O-O 8. e5 Ne8 9. Be2 Bf5 10. O-O Nd7 11. d4 c6 12. Bg5 Nb6 13. Qc5 f6 14. Bh4 Nc7 15. Rfd1 Kh8 16. Bg3 Ncd5 17. Qa5 Be6 18. Ne4 Nd7 19. Qd2 Qb6 20. h3 Rad8 21. exf6 N5xf6 22. Nc3 Nd5 23. Ng5 Bg8 24. Na4 Qb4 25. Qc2 e5 26. Nc5 Nxc5 27. dxc5 Nf4 28. Bf1 Bd5 29. a3 Qb3 30. Qxb3 Bxb3 31. Rxd8 Rxd8 32. Re1 h6 33. Ne4 b6 34. Re3 Bd5 35. b4 Bxe4 36. Rxe4 g5 37. cxb6 axb6 38. Kh2 b5 39. Re1 h5 40. Rc1 Rd6 41. h4 Ng6 42. Kh3 Nf4+ 43. Kh2 g4 44. Rc5 Bf6 45. Bxf4 exf4 46. Rxh5+ Kg7 47. Be2 f3 48. gxf3 Rd2 49. Bxb5 cxb5 50. fxg4 Rxf2+ 51. Kg3 Ra2 52. Rxb5 Rxa3+ 53. Kf4 Bxh4 54. Rb7+ Kg6 55. Rb6+ Kf7 56. g5 Bf2 57. Rc6 Rb3 58. Rc7+ Ke6 59. Rb7 Be3+ 60. Kg4 Rb1 61. Rb5 Bd4 62. Kh5 Rh1+ 63. Kg6 Rh8 64. Ra5 Rg8+ 65. Kh5 Rb8 66. Ra6+ Kf5 67. Ra5+ Be5 68. Ra6 Rd8 69. Kh4 Rd4+ 70. Kh3 Rd2 0-1

[Event "WY U-16 Chess Olympiad 2019"]
[Site "Corum"]
[Date "2019.10.31"]
[Round "4"]
[White "Musyuk, Lior"]
[Black "Sarzhanov, Chingizkhan"]
[Result "1-0"]
[WhiteElo "2278"]
[BlackElo "2069"]
[Annotator "NA"]
[PlyCount "95"]
[EventDate "2019.10.28"]
[EventType "team-tourn"]
[EventCountry "TUR"]
[SourceTitle "playchess.com"]
[Source "ChessBase"]
[SourceQuality "1"]

1. e4 c5 2. Nf3 Nc6 3. Nc3 g6 4. d4 cxd4 5. Nxd4 Bg7 6. Be3 Nf6 7. Be2 O-O 8. Nb3 d6 9. O-O Be6 10. f4 Qc8 11. h3 Rd8 12. g4 d5 13. e5 Ne4 14. Nb5 d4 15. N5xd4 Bxb3 16. axb3 Nxd4 17. Bxd4 Ng3 18. Rf2 g5 19. c3 gxf4 20. Bd3 Qc6 21. Qf3 Bxe5 22. Qxc6 bxc6 23. Bxh7+ Kxh7 24. Bxe5 Ne4 25. Rxf4 Ng5 26. Rf5 f6 27. h4 Ne6 28. Bg3 Kg6 29. Rfa5 Rd7 30. Bf2 Nf4 31. Rxa7 Raxa7 32. Rxa7 Rd1+ 33. Kh2 Rd2 34. Kg3 e5 35. Be3 Rxb2 36. Bxf4 exf4+ 37. Kxf4 Rxb3 38. h5+ Kh6 39. Rf7 Rxc3 40. Rxf6+ Kh7 41. Kg5 Rc5+ 42. Rf5 Rc4 43. Rf7+ Kg8 44. Rc7 Kh8 45. h6 Rd4 46. Kh5 Kg8 47. g5 Rd5 48. h7+ 1-0

[Event "WY U-16 Chess Olympiad 2019"]
[Site "Corum"]
[Date "2019.10.31"]
[Round "4"]
[White "Ozenir, Ekin Baris"]
[Black "Malovanyi, Yulian"]
[Result "1/2-1/2"]
[WhiteElo "2274"]
[BlackElo "2351"]
[Annotator "NA"]
[PlyCount "60"]
[EventDate "2019.10.28"]
[EventType "team-tourn"]
[EventCountry "TUR"]
[SourceTitle "playchess.com"]
[Source "ChessBase"]
[SourceQuality "1"]

1. d4 d5 2. c4 c6 3. Nf3 Nf6 4. Qc2 g6 5. Bf4 Bf5 6. Qb3 Qb6 7. e3 Bg7 8. Nc3 O-O 9. h3 Nbd7 10. c5 Qxb3 11. axb3 Ne4 12. b4 a6 13. Be2 Rae8 14. g4 Nxc3 15. bxc3 Be4 16. O-O Bxf3 17. Bxf3 e5 18. Bh2 f5 19. gxf5 Rxf5 20. Kg2 h5 21. Bg3 Kh7 22. Rae1 e4 23. Bd1 Nf6 24. Be5 Rg5+ 25. Kh1 Nd7 26. Bd6 Rf5 27. Kg2 Rg5+ 28. Kh1 Rf5 29. Kg2 Rg5+ 30. Kh1 Rf5 1/2-1/2

[Event "WY U-16 Chess Olympiad 2019"]
[Site "Corum"]
[Date "2019.10.31"]
[Round "4"]
[White "Xi, Qi"]
[Black "Celik, Hasan Huseyin"]
[Result "1-0"]
[WhiteElo "2241"]
[BlackElo "1998"]
[Annotator "NA"]
[PlyCount "51"]
[EventDate "2019.10.28"]
[EventType "team-tourn"]
[EventCountry "TUR"]
[SourceTitle "playchess.com"]
[Source "ChessBase"]
[SourceQuality "1"]

1. d4 Nf6 2. c4 g6 3. f3 Bg7 4. e4 d6 5. Nc3 O-O 6. Be3 e5 7. Nge2 c6 8. Qd2 Nbd7 9. d5 cxd5 10. cxd5 a6 11. g4 h5 12. gxh5 Nxh5 13. Ng3 Nf4 14. h4 Bh6 15. O-O-O Qf6 16. Kb1 b5 17. Bh3 Bg7 18. Bg4 Nc5 19. h5 b4 20. Nce2 a5 21. h6 Bxh6 22. Rxh6 Nxe2 23. Qxe2 Ba6 24. Qh2 a4 25. Rh1 Bd3+ 26. Kc1 1-0

[Event "WY U-16 Chess Olympiad 2019"]
[Site "Corum"]
[Date "2019.10.31"]
[Round "4"]
[White "Vettese, Nicholas"]
[Black "Manafov, Vugar"]
[Result "0-1"]
[WhiteElo "2235"]
[BlackElo "2357"]
[Annotator "NA"]
[PlyCount "124"]
[EventDate "2019.10.28"]
[EventType "team-tourn"]
[EventCountry "TUR"]
[SourceTitle "playchess.com"]
[Source "ChessBase"]
[SourceQuality "1"]

1. e4 Nf6 2. e5 Nd5 3. c4 Nb6 4. d4 d6 5. exd6 cxd6 6. Nc3 g6 7. Be3 Bg7 8. Rc1 O-O 9. b3 Bf5 10. g4 Bc8 11. Bg2 N6d7 12. Nge2 Nc6 13. h3 e5 14. d5 Ne7 15. f4 exf4 16. Nxf4 h5 17. Nd3 Nf6 18. Bf3 Re8 19. Kd2 h4 20. Qg1 Bd7 21. a4 Nc8 22. Bd4 a6 23. Ra1 b6 24. Qf2 Rb8 25. Nb4 Nh7 26. Bxg7 Qg5+ 27. Kc2 Kxg7 28. Qd4+ Re5 29. Nxa6 Ra8 30. Nb4 Qe3 31. Qxe3 Rxe3 32. Bg2 f5 33. gxf5 Bxf5+ 34. Kb2 Ng5 35. Nc2 Bxc2 36. Kxc2 Ne7 37. Rae1 Nf5 38. Kb2 Rg3 39. Bf1 Rf8 40. Nb5 Ne3 41. Be2 Rf2 42. Nd4 Nxh3 43. Kb1 g5 44. b4 Nf4 45. a5 bxa5 46. bxa5 Rgg2 47. a6 Nxe2 48. Rxe2 Rxe2 49. Nxe2 Nxc4 50. a7 Nb6 51. Nd4 Rg4 52. Nc6 Ra4 53. Re1 h3 54. Rg1 g4 55. Ne7 Kf6 56. Nc8 h2 57. Rf1+ Kg5 58. Nxb6 Rxa7 59. Nc4 Rb7+ 60. Ka2 g3 61. Ne3 Re7 62. Re1 g2 0-1

[Event "WY U-16 Chess Olympiad 2019"]
[Site "Corum"]
[Date "2019.10.31"]
[Round "4"]
[White "Gevorgyan, Albert"]
[Black "Can, Isik"]
[Result "0-1"]
[WhiteElo "2231"]
[BlackElo "2361"]
[Annotator "NA"]
[PlyCount "76"]
[EventDate "2019.10.28"]
[EventType "team-tourn"]
[EventCountry "TUR"]
[SourceTitle "playchess.com"]
[Source "ChessBase"]
[SourceQuality "1"]

1. d4 d5 2. c4 c6 3. Nc3 Nf6 4. e3 Bf5 5. Nf3 e6 6. Nh4 Be4 7. f3 Bg6 8. Qb3 Qc7 9. Bd2 Be7 10. Nxg6 hxg6 11. O-O-O dxc4 12. Bxc4 a6 13. Bd3 b5 14. Ne4 Nxe4 15. Bxe4 Nd7 16. Qc2 Rc8 17. Kb1 c5 18. dxc5 Nxc5 19. g3 O-O 20. f4 Qb8 21. Bc1 Bf6 22. Qg2 b4 23. g4 b3 24. a3 Qc7 25. Rdf1 Rfd8 26. g5 Be7 27. Rf2 Rd6 28. h4 Nxe4 29. Qxe4 Rc6 30. Rff1 Rc2 31. Qd3 Rg2 32. Rhg1 Qb7 33. e4 Rgc2 34. f5 Bxa3 35. fxg6 fxg6 36. bxa3 b2 37. Qxc2 Rxc2 38. Be3 Qxe4 0-1

[Event "WY U-16 Chess Olympiad 2019"]
[Site "Corum"]
[Date "2019.10.31"]
[Round "4"]
[White "Mammadov, Sadig"]
[Black "Svanda, Ondrej"]
[Result "1/2-1/2"]
[WhiteElo "2216"]
[BlackElo "2268"]
[Annotator "NA"]
[PlyCount "31"]
[EventDate "2019.10.28"]
[EventType "team-tourn"]
[EventCountry "TUR"]
[SourceTitle "playchess.com"]
[Source "ChessBase"]
[SourceQuality "1"]

1. e4 c5 2. Nf3 e6 3. c4 Nc6 4. a3 e5 5. Nc3 d6 6. d3 Nge7 7. Be2 g6 8. Bg5 Bg7 9. Nd5 h6 10. Bf6 Bxf6 11. Nxf6+ Kf8 12. h3 Kg7 13. Nd5 Nxd5 14. cxd5 Nd4 15. Nxd4 cxd4 16. O-O 1/2-1/2

[Event "WY U-16 Chess Olympiad 2019"]
[Site "Corum"]
[Date "2019.10.31"]
[Round "4"]
[White "Utsab Chatterjee"]
[Black "Madaminov, Mukhiddin"]
[Result "0-1"]
[WhiteElo "2211"]
[BlackElo "2045"]
[Annotator "NA"]
[PlyCount "56"]
[EventDate "2019.10.28"]
[EventType "team-tourn"]
[EventCountry "TUR"]
[SourceTitle "playchess.com"]
[Source "ChessBase"]
[SourceQuality "1"]

1. e4 e5 2. Nf3 Nc6 3. Bb5 Nf6 4. d3 Bc5 5. c3 O-O 6. O-O d6 7. Be3 Bb6 8. Nbd2 Ne7 9. h3 Ng6 10. d4 c6 11. Bd3 Nh5 12. Nc4 Nhf4 13. dxe5 dxe5 14. Bc2 Qf6 15. Ncd2 Be6 16. Kh2 Rad8 17. Qe1 Nh4 18. Nxh4 Qxh4 19. Nf3 Qh5 20. Bxf4 exf4 21. Bd1 Bc7 22. Ng1 f3+ 23. g3 Rd3 24. Bc2 g5 25. Qc1 Bf4 26. Qxf4 gxf4 27. Bxd3 Rd8 28. Rfd1 Qc5 0-1

[Event "WY U-16 Chess Olympiad 2019"]
[Site "Corum"]
[Date "2019.10.31"]
[Round "4"]
[White "Briem, Stephan"]
[Black "Burbach, Brunel Baron"]
[Result "1-0"]
[WhiteElo "2199"]
[BlackElo "1642"]
[Annotator "NA"]
[PlyCount "63"]
[EventDate "2019.10.28"]
[EventType "team-tourn"]
[EventCountry "TUR"]
[SourceTitle "playchess.com"]
[Source "ChessBase"]
[SourceQuality "1"]

1. d4 Nf6 2. c4 e6 3. Nc3 Bb4 4. e3 O-O 5. Nge2 Re8 6. a3 Bf8 7. Ng3 d5 8. Be2 b6 9. O-O c5 10. cxd5 exd5 11. Bf3 Bb7 12. b3 Na6 13. Bb2 Nc7 14. Qd2 Qd7 15. Rfd1 Red8 16. dxc5 bxc5 17. Nce2 Be7 18. Nf4 Ne6 19. Nd3 Ne4 20. Qc2 Nxg3 21. hxg3 Rac8 22. Nf4 Nxf4 23. gxf4 d4 24. Bxb7 Qxb7 25. Rd3 dxe3 26. Rxe3 Rd7 27. Rae1 Bf8 28. Rg3 Re7 29. Rd1 Rd7 30. Rc1 Rcd8 31. Qf5 Qd5 32. Qf6 1-0